000 00249nam a22001097a 4500
041 _aeng
080 _a80
100 _aГаншина, К. А.
245 _aФранцузско русский словарь.
650 _aReference
999 _c280206
_d280206
942 _cBK